Statistics for Taylor Swift's Fearless Tour Set list

Click here to take the quiz!

General Stats

  • This quiz has been taken 26 times
  • The average score is 18 of 25

Answer Stats

% Correct
StandardFearless
100%
StandardForever & Always
100%
StandardLove Story
100%
StandardYou Belong with Me
100%
StandardFifteen
91%
StandardTeardrops on My Guitar
91%
StandardWhite Horse
91%
Los AngelesWhite Horse (with John Mayer)
91%
StandardHey Stephen
82%
StandardOur Song
82%
EncoreShould've Said No
82%
StandardTell Me Why
82%
StandardThe Way I Loved You
82%
StandardTim McGraw
82%
StandardYou're Not Sorry (contains What Goes Around... Comes Around)
82%
FoxboroughJump then Fall
73%
StandardPicture to Burn
73%
2010Today Was A Fairytale
73%
StandardChange
64%
Evansville/MolineThe Best Day
64%
EncoreI'm Only Me When I'm with You (with Kellie Pickler and Gloriana)
55%
Los AngelesHot n Cold (with Katy Perry)
45%
BrisbaneTwo Is Better Than One
27%
NashvilleThe Way You Love Me (with Faith Hill)
18%
Los AngelesYour Body Is a Wonderland (with John Mayer)
18%

Score Distribution

Percentile by Number Answered

Percent of People with Each Score

Your Score History

You have not taken this quiz